Statistics for Квиз о Естонији

Click here to take the quiz!

General Stats

  • This quiz has been taken 56 times
  • The average score is 11 of 21

Answer Stats

ОписОдговор% Correct
Главни градТалин
100%
Држава од које је Естонија добила независност 1991.Совјетски Савез
98%
Државе са којима се граничиРусија
94%
Државе са којима се граничиЛетонија
94%
Међународне организације којима је приступила 2004НАТО
92%
Међународне организације којима је приступила 2004Европска Унија
90%
...који су део овог мораБалтичко море
88%
Естонски језик припада овој групи језикаУралској
67%
Естонија лежи на ова два залива{Фински} залив
67%
48% територије Естоније чине ...Шуме
61%
Популарни видеокол програм, који су Естонци развили, а Мајкрософт купио 2011.Скајп
47%
Пре Другог светског рата, око 80% Естонаца припадало је овој грани протестантизма. Данас, чини мање од 10%.Лутерани
41%
Валута која се користила током 1992–2011Круна
27%
Шведски краљ по коме је овај универзитет првобитно назван{Густав} Адолф
22%
Немачки витешки ред који је три века владао Естонијом{Тевтонски} ред
16%
Естонија лежи на ова два залива{Ришки} залив
14%
Шта су Сарема и Хијума?Острва
14%
2005. Естонија је постала прва држава где је ово могуће преко интернетаГласање
12%
Пето по величини језеро у Европи, налази се на источној границиЧудско-Псковско
6%
Према Хемингвеју, у којим местима је могуће увек наћи барем два Естонца?У луци
4%
Највећи и најстарији универзитетУниверзитет Тарту
2%

Score Distribution

Percentile by Number Answered

Percent of People with Each Score

Your Score History

You have not taken this quiz